| 000 | 00535nam a2200169Ia 4500 | ||
|---|---|---|---|
| 003 | GCL | ||
| 008 | 140319s9999 xx 000 0 ara d | ||
| 040 |
_aGCL / _cGCL |
||
| 082 | 0 | 4 |
_a813.01 _bع و |
| 100 | 1 | _aعبده جبير | |
| 245 | 1 | 0 |
_aالوداع : تاج من العشب (هدية من الاديب عبدالفتاح الجمل) / _cعبده جبير |
| 490 |
_aمختارات فصول _v0 |
||
| 650 | 0 | 4 | _aالادب العربى |
| 650 | 0 | 4 | _aالقصص العربية |
| 650 | 0 | 4 | _aالمجموعات |
| 942 |
_2ddc _cBK |
||
| 999 |
_c40139 _d40139 |
||